| 000 | 00638nam a2200217Ia 4500 | ||
|---|---|---|---|
| 005 | 20260429112021.0 | ||
| 008 | 260429s9999||||xx |||||||||||||| ||und|| | ||
| 020 | _a9781032456119 | ||
| 041 | _aEnglish | ||
| 082 |
_a341.48 _bGIL |
||
| 100 | _aGilleri, Giovanna | ||
| 245 | 0 |
_aSex, gender and international human rights law : _bcontesting binaries / _cGiovanna Gilleri |
|
| 250 | _a1st ed. | ||
| 260 |
_aNew York : _bRoutledge, _c2024. |
||
| 300 | _axviii, 256 p.; hb | ||
| 440 | _aFeminist and Queer International Law | ||
| 650 | _a Gender studies | ||
| 650 | _a International law | ||
| 650 | _aHuman rights law | ||
| 942 | _cTB | ||
| 999 |
_c51913 _d51913 |
||